[Event "Montcada op-C 25th"]
[Site "Montcada"]
[Date "2017.06.27"]
[Round "2"]
[White "Montsech Donaire, Rafael"]
[Black "Ferres Saez, Joan"]
[Result "0-1"]
[WhiteElo "1583"]
[BlackElo "1765"]
[PlyCount "86"]
[EventDate "2017.06.26"]
[EventType "swiss"]
[EventRounds "9"]
[EventCountry "ESP"]
[SourceTitle "EXT 2018"]
[Source "ChessBase"]
[SourceDate "2017.10.13"]
[SourceVersion "1"]
[SourceVersionDate "2017.10.13"]
[SourceQuality "1"]

1. Nf3 c5 2. g3 g6 3. Bg2 Bg7 4. c3 Nc6 5. d3 Nf6 6. Na3 0-0 7. Nc2 d6 8. Bd2 Bd7 9. Rb1 Qc8 10. 0-0 Bh3 11. Bg5 Bxg2 12. Kxg2 Qe6 13. b3 Nd5 14. Bd2 Nxc3 15. Bxc3 Bxc3 16. d4 cxd4 17. Kg1 Qf6 18. e4 Rac8 19. b4 b5 20. Qe2 Rc7 21. Rfd1 Rfc8 22. Rd3 Ne5 23. Nxe5 dxe5 24. h4 Qe6 25. a3 a5 26. Qf1 axb4 27. Nxb4 Bxb4 28. axb4 Rc4 29. f4 exf4 30. Qxf4 Ra8 31. Rf3 Rc3 32. Rbf1 Rxf3 33. Rxf3 Ra1+ 34. Kg2 Ra2+ 35. Kg1 f6 36. g4 Re2 37. h5 Rxe4 38. Qb8+ Kf7 39. Qxb5 Qxg4+ 40. Kf2 Qh4+ 41. Kg1 Re1+ 42. Kg2 Qh1+ 43. Kg3 Rg1+ 0-1

[Event "Barcelona Sant Marti op-B 17th"]
[Site "Barcelona"]
[Date "2015.07.20"]
[Round "8"]
[White "Pera Muntasell, Marc"]
[Black "Ferres Saez, Joan"]
[Result "0-1"]
[WhiteElo "1958"]
[BlackElo "1901"]
[PlyCount "88"]
[EventDate "2015.07.13"]
[EventType "swiss"]
[EventRounds "9"]
[EventCountry "ESP"]
[SourceTitle "EXT 2016"]
[Source "ChessBase"]
[SourceDate "2015.10.08"]
[SourceVersion "1"]
[SourceVersionDate "2015.10.08"]
[SourceQuality "1"]

1. e4 c5 2. Nf3 g6 3. d4 cxd4 4. Nxd4 Nc6 5. Nc3 Bg7 6. Be3 Nf6 7. Bc4 0-0 8. f3 Qb6 9. Bb3 Nxe4 10. fxe4 Bxd4 11. Bxd4 Qxd4 12. Qxd4 Nxd4 13. 0-0-0 Nxb3+ 14. axb3 Rd8 15. Rd2 d6 16. e5 Be6 17. Rhd1 Bg4 18. Re1 dxe5 19. Nd5 Be6 20. Rxe5 Bxd5 21. Rexd5 Rxd5 22. Rxd5 Kf8 23. Rd7 Rb8 24. h3 h5 25. Kd2 Ke8 26. Rc7 Kd8 27. Rc4 e6 28. Rf4 Ke7 29. Rc4 Rd8+ 30. Ke2 f5 31. Rc7+ Rd7 32. Rc4 e5 33. Rc8 Kf6 34. Rf8+ Kg5 35. Rg8 h4 36. c3 a5 37. Rb8 e4 38. Re8 Rd6 39. Re5 b6 40. Re8 Kf4 41. Rh8 Kg3 42. Rh6 f4 43. Ke1 f3 44. gxf3 exf3 0-1

[Event "Barcelona Sant Marti op-B 17th"]
[Site "Barcelona"]
[Date "2015.07.16"]
[Round "4"]
[White "Ros Montes, Daniel"]
[Black "Ferres Saez, Joan"]
[Result "1-0"]
[WhiteElo "2039"]
[BlackElo "1901"]
[PlyCount "59"]
[EventDate "2015.07.13"]
[EventType "swiss"]
[EventRounds "9"]
[EventCountry "ESP"]
[SourceTitle "EXT 2016"]
[Source "ChessBase"]
[SourceDate "2015.10.08"]
[SourceVersion "1"]
[SourceVersionDate "2015.10.08"]
[SourceQuality "1"]

1. c4 e5 2. g3 Nf6 3. Bg2 Nc6 4. Nc3 Bb4 5. Nd5 a5 6. a3 Bc5 7. e3 0-0 8. Ne2 Nxd5 9. cxd5 Ne7 10. d4 exd4 11. exd4 Bb6 12. d6 cxd6 13. 0-0 Nc6 14. Be3 Ba7 15. Nc3 b6 16. b4 axb4 17. axb4 Bb7 18. b5 Na5 19. d5 Rc8 20. Ne4 Bb8 21. Qg4 f5 22. Qh5 Qe8 23. Qh4 fxe4 24. Bxe4 g6 25. Bh6 Nb3 26. Rae1 Qd8 27. Bg5 Qc7 28. Bxg6 hxg6 29. Re7 Rf7 30. Bf6 1-0

[Event "Barcelona Sant Marti op-B 17th"]
[Site "Barcelona"]
[Date "2015.07.15"]
[Round "3"]
[White "Ferres Saez, Joan"]
[Black "Vicente Soriano, Josep"]
[Result "1-0"]
[WhiteElo "1901"]
[BlackElo "2006"]
[PlyCount "45"]
[EventDate "2015.07.13"]
[EventType "swiss"]
[EventRounds "9"]
[EventCountry "ESP"]
[SourceTitle "EXT 2016"]
[Source "ChessBase"]
[SourceDate "2015.10.08"]
[SourceVersion "1"]
[SourceVersionDate "2015.10.08"]
[SourceQuality "1"]

1. d4 Nf6 2. c4 g6 3. Nc3 Bg7 4. e4 d6 5. f3 0-0 6. Be3 c6 7. Nge2 e5 8. Qd2 Qa5 9. g4 Na6 10. Ng3 Bxg4 11. fxg4 Nxg4 12. d5 Nxe3 13. Qxe3 cxd5 14. cxd5 Nc5 15. 0-0-0 Rfc8 16. Kb1 a6 17. h4 h5 18. Be2 Kh7 19. Qf3 Qc7 20. Rdg1 Na4 21. Nxa4 Qc2+ 22. Ka1 Qxa4 23. Nxh5 1-0

[Event "Barcelona Sant Marti op-B 17th"]
[Site "Barcelona"]
[Date "2015.07.13"]
[Round "1"]
[White "Ferres Saez, Joan"]
[Black "Tordera Jumilla, Joaquim"]
[Result "1-0"]
[WhiteElo "1901"]
[BlackElo "1545"]
[PlyCount "105"]
[EventDate "2015.07.13"]
[EventType "swiss"]
[EventRounds "9"]
[EventCountry "ESP"]
[SourceTitle "EXT 2016"]
[Source "ChessBase"]
[SourceDate "2015.10.08"]
[SourceVersion "1"]
[SourceVersionDate "2015.10.08"]
[SourceQuality "1"]

1. e4 e5 2. Nf3 Nc6 3. d4 d6 4. dxe5 Bg4 5. Be2 Qe7 6. exd6 Qxe4 7. Nc3 Qe6 8. 0-0 Bxd6 9. Nb5 0-0-0 10. Nxd6+ Rxd6 11. Qe1 Bxf3 12. Bxf3 Qxe1 13. Rxe1 Nf6 14. Bf4 Rd7 15. c3 Nd5 16. Bg3 Kb8 17. Rad1 Rhd8 18. Rd3 f5 19. Red1 Nce7 20. c4 f4 21. Bh4 Nf6 22. Rxd7 Rxd7 23. Rxd7 Nxd7 24. Bxe7 Ne5 25. Be2 b6 26. Bg5 f3 27. gxf3 h6 28. Be3 g5 29. Bd4 Nf7 30. Bd3 c5 31. Bg7 h5 32. Bg6 Nd6 33. Be5 Kc7 34. Bxh5 Kc6 35. Bxd6 Kxd6 36. f4 gxf4 37. Kf1 Ke5 38. Ke2 Kd4 39. Bf7 Ke4 40. h4 Kf5 41. h5 Kg5 42. Kf3 a6 43. a4 a5 44. Ke4 Kf6 45. Bg6 Kg5 46. f3 Kh6 47. Kxf4 Kg7 48. Kg5 b5 49. h6+ Kh8 50. axb5 a4 51. b6 a3 52. b7 axb2 53. b8Q# 1-0

[Event "Llinars del Valles op-A 9th"]
[Site "Llinars del Valles"]
[Date "2015.05.30"]
[Round "7"]
[White "Ferres Saez, Joan"]
[Black "Baltasar Diaz, Vicente"]
[Result "1-0"]
[WhiteElo "1772"]
[BlackElo "1624"]
[PlyCount "53"]
[EventDate "2015.04.11"]
[EventType "swiss"]
[EventRounds "9"]
[EventCountry "ESP"]
[SourceTitle "EXT 2016"]
[Source "ChessBase"]
[SourceDate "2015.10.08"]
[SourceVersion "1"]
[SourceVersionDate "2015.10.08"]
[SourceQuality "1"]

1. Nf3 e6 2. g3 b6 3. Bg2 Bb7 4. c4 f5 5. 0-0 Nf6 6. d4 Be7 7. Nc3 0-0 8. Bf4 d6 9. Bd2 Qe8 10. Nb5 Qd7 11. b4 a6 12. Nc3 e5 13. Bg5 Ng4 14. Bxe7 Qxe7 15. Nd5 Qd7 16. a4 Nf6 17. Qb3 Nc6 18. e3 Ne7 19. Nd2 f4 20. Nxe7+ Qxe7 21. Bxb7 Rab8 22. Bf3 Qd7 23. Qd3 Qh3 24. Ne4 Nxe4 25. Qxe4 exd4 26. Bg2 Qh6 27. exf4 1-0

[Event "Llinars del Valles op-A 9th"]
[Site "Llinars del Valles"]
[Date "2015.04.25"]
[Round "3"]
[White "Riera Morilla, Elizabeth"]
[Black "Ferres Saez, Joan"]
[Result "1-0"]
[WhiteElo "1994"]
[BlackElo "1772"]
[PlyCount "87"]
[EventDate "2015.04.11"]
[EventType "swiss"]
[EventRounds "9"]
[EventCountry "ESP"]
[SourceTitle "EXT 2016"]
[Source "ChessBase"]
[SourceDate "2015.10.08"]
[SourceVersion "1"]
[SourceVersionDate "2015.10.08"]
[SourceQuality "1"]

1. e4 g6 2. d4 Bg7 3. Nc3 c6 4. Nf3 d5 5. h3 Nf6 6. e5 Ne4 7. Nxe4 dxe4 8. Ng5 c5 9. dxc5 Qxd1+ 10. Kxd1 Bxe5 11. Bc4 0-0 12. c3 Bd7 13. Nxe4 Bc6 14. Re1 Nd7 15. Kc2 Bg7 16. Bg5 Rfe8 17. b4 h6 18. Bh4 g5 19. Bg3 b6 20. Rad1 bxc5 21. Bd5 Ba4+ 22. Bb3 Bc6 23. Nxc5 Nxc5 24. bxc5 Bxg2 25. Rd7 Bf6 26. Ba4 Rec8 27. Be5 Bxh3 28. Rb7 Bf5+ 29. Kb2 Bxe5 30. Rxe5 e6 31. c6 Bd3 32. Rd7 Ba6 33. Ra5 Rcb8+ 34. Kc2 Rb6 35. c7 Bc8 36. Rd8+ Kg7 37. Rc5 e5 38. Bd7 Rf6 39. Rxc8 Rxc8 40. Bxc8 Rxf2+ 41. Kd3 Rf3+ 42. Ke2 e4 43. Bg4 Rd3 44. c8Q 1-0

[Event "Sabadell Coral Colon op 9th"]
[Site "Sabadell"]
[Date "2015.02.13"]
[Round "2"]
[White "Munoz Munoz, Teresa"]
[Black "Ferres Saez, Joan"]
[Result "1-0"]
[WhiteElo "2044"]
[BlackElo "1971"]
[PlyCount "68"]
[EventDate "2015.02.06"]
[EventType "swiss"]
[EventRounds "9"]
[EventCountry "ESP"]
[SourceTitle "EXT 2016"]
[Source "ChessBase"]
[SourceDate "2015.10.08"]
[SourceVersion "1"]
[SourceVersionDate "2015.10.08"]
[SourceQuality "1"]

1. c4 e5 2. g3 Nf6 3. Nc3 Bb4 4. Bg2 Bxc3 5. bxc3 0-0 6. Qb3 Nc6 7. Nf3 d6 8. d4 h6 9. 0-0 Re8 10. e3 Rb8 11. Ba3 Bf5 12. Rfd1 e4 13. Ne1 Qd7 14. Nc2 Bh3 15. Bh1 Bg4 16. Rd2 Nh7 17. Bb4 Ng5 18. Ne1 Qf5 19. c5 dxc5 20. Bxc5 b6 21. Ba3 Na5 22. Qb4 Rbd8 23. Rc2 Nf3+ 24. Nxf3 Bxf3 25. Bg2 Qe6 26. c4 Nb7 27. c5 Na5 28. cxb6 cxb6 29. Rc7 Rd5 30. Rac1 Bxg2 31. Kxg2 Rh5 32. h4 g5 33. Re7 Rxe7 34. Qxe7 Qf5 1-0

[Event "Badalona op-B 40th"]
[Site "Badalona"]
[Date "2014.08.08"]
[Round "7"]
[White "Ferres Saez, Joan"]
[Black "Iglesias Fernandez, Luis"]
[Result "1-0"]
[WhiteElo "1965"]
[BlackElo "1844"]
[PlyCount "99"]
[EventDate "2014.08.02"]
[EventType "swiss"]
[EventRounds "9"]
[EventCountry "ESP"]
[SourceTitle "EXT 2015"]
[Source "ChessBase"]
[SourceDate "2014.11.20"]
[SourceVersion "1"]
[SourceVersionDate "2014.11.20"]
[SourceQuality "1"]

1. e4 g6 2. d4 Bg7 3. Nc3 d6 4. Be3 Nf6 5. h3 0-0 6. Nf3 e5 7. dxe5 dxe5 8. Bc4 Nc6 9. Qxd8 Nxd8 10. Nb5 Be6 11. Bd3 Nxe4 12. Nxc7 Rc8 13. Nxe6 fxe6 14. Bxe4 Nc6 15. 0-0 Nd4 16. c3 Ne2+ 17. Kh1 Nf4 18. Bxa7 Rc4 19. Rfe1 b6 20. a4 Nd5 21. Bxd5 exd5 22. Bxb6 e4 23. Nd4 Rxf2 24. Ne2 d4 25. Bxd4 Bxd4 26. Nxd4 Rxb2 27. Rxe4 Rxc3 28. a5 Rg3 29. Re2 Rb8 30. a6 Rd3 31. a7 Ra8 32. Ne6 Rd7 33. Rc2 Rdxa7 34. Rxa7 Rxa7 35. Rc8+ Kf7 36. Rc7+ Rxc7 37. Nxc7 Kf6 38. Kh2 Kg5 39. Kg3 Kh5 40. Ne6 g5 41. Nd4 Kg6 42. Kf3 Kh5 43. g3 Kg6 44. Ke4 Kf6 45. Nf3 Kg6 46. Ke5 h6 47. Ke6 h5 48. Ne5+ Kh6 49. Kf5 h4 50. g4 1-0

[Event "Barcelona Sant Marti op-B 16th"]
[Site "Barcelona"]
[Date "2014.07.13"]
[Round "1"]
[White "Ferres Saez, Joan"]
[Black "Olleta Tanya, Jordi"]
[Result "1-0"]
[WhiteElo "1965"]
[BlackElo "1749"]
[PlyCount "53"]
[EventDate "2014.07.13"]
[EventType "swiss"]
[EventRounds "9"]
[EventCountry "ESP"]
[SourceTitle "CBM 161 Extra"]
[Source "ChessBase"]
[SourceDate "2014.08.29"]
[SourceVersion "1"]
[SourceVersionDate "2014.08.29"]
[SourceQuality "1"]

1. e4 c5 2. Nc3 Nc6 3. f4 e5 4. fxe5 Nxe5 5. Nf3 Nxf3+ 6. Qxf3 Qf6 7. Qe2 Bd6 8. g3 Ne7 9. Bg2 0-0 10. d3 Be5 11. Bd2 b6 12. 0-0-0 Bb7 13. h4 Rad8 14. Rdf1 Qe6 15. Kb1 d5 16. Bh3 Qc6 17. exd5 Nxd5 18. Qxe5 Rfe8 19. Qf5 Nxc3+ 20. Bxc3 Re7 21. Qg5 f6 22. Qh5 Rd5 23. Qg4 Kf8 24. Bg2 Qd6 25. Bxd5 Bxd5 26. Rhg1 Re2 27. Qxe2 1-0

[Event "Llinars del Valles op-A 8th"]
[Site "Llinars del Valles"]
[Date "2014.05.10"]
[Round "3"]
[White "Gonzalez Rodriguez, Damian"]
[Black "Ferres Saez, Joan"]
[Result "0-1"]
[WhiteElo "1722"]
[BlackElo "1783"]
[PlyCount "58"]
[EventDate "2014.04.26"]
[EventType "swiss"]
[EventRounds "8"]
[EventCountry "ESP"]
[SourceTitle "EXT 2015"]
[Source "ChessBase"]
[SourceDate "2014.11.20"]
[SourceVersion "1"]
[SourceVersionDate "2014.11.20"]
[SourceQuality "1"]

1. e4 g6 2. f4 c6 3. Nc3 Bg7 4. Bc4 d6 5. Nf3 Nf6 6. 0-0 Nxe4 7. Bxf7+ Kxf7 8. Nxe4 Rf8 9. d3 Kg8 10. c3 Qb6+ 11. Kh1 Na6 12. Qe2 Nc7 13. Be3 Qa6 14. Nd4 c5 15. Nc2 Bf5 16. Bd2 b6 17. g4 Bd7 18. Rf2 Bb5 19. c4 Bc6 20. Bc3 Bxc3 21. bxc3 d5 22. cxd5 Nxd5 23. f5 Nxc3 24. Qe3 Rad8 25. fxg6 Qxd3 26. Rxf8+ Kxf8 27. g7+ Kg8 28. Qf4 Bxe4+ 29. Kg1 Ne2+ 0-1

[Event "Barcelona La Lira op 32nd"]
[Site "Barcelona"]
[Date "2014.02.27"]
[Round "7"]
[White "Ferres Saez, Joan"]
[Black "Walter Travella, German"]
[Result "0-1"]
[WhiteElo "1783"]
[BlackElo "1920"]
[PlyCount "84"]
[EventDate "2014.01.16"]
[EventType "swiss"]
[EventRounds "9"]
[EventCountry "ESP"]
[SourceTitle "EXT 2015"]
[Source "ChessBase"]
[SourceDate "2014.11.20"]
[SourceVersion "1"]
[SourceVersionDate "2014.11.20"]
[SourceQuality "1"]

1. e4 Nc6 2. d4 d5 3. Nc3 Nf6 4. e5 Nd7 5. Nf3 Nb6 6. Bd3 Bg4 7. Be3 e6 8. 0-0 Be7 9. Re1 Bb4 10. a3 Bxc3 11. bxc3 Na5 12. a4 0-0 13. Qc1 Bxf3 14. gxf3 f5 15. exf6 Qxf6 16. f4 Qh4 17. Kh1 Nbc4 18. Rg1 Rf6 19. Qf1 Raf8 20. Rg3 Rh6 21. Qg2 Rf7 22. Rg1 Qf6 23. Bc1 Rh5 24. f5 exf5 25. Qxd5 Kh8 26. Bxc4 Nxc4 27. Qxc4 Qh4 28. R1g2 Re7 29. Re3 f4 30. Rxe7 Qxe7 31. Qf1 Qh4 32. Qg1 Qh3 33. Bxf4 Qf3 34. Bg3 Ra5 35. Qe1 h5 36. Kg1 Rxa4 37. h4 Ra2 38. Be5 Rxc2 39. Bxg7+ Kh7 40. Qe8 Rc1+ 41. Kh2 Qf4+ 42. Rg3 Qxh4+ 0-1

[Event "Barcelona La Lira op 32nd"]
[Site "Barcelona"]
[Date "2014.01.30"]
[Round "3"]
[White "Ferres Saez, Joan"]
[Black "Gonzalez Canovas, Sebastian"]
[Result "0-1"]
[WhiteElo "1783"]
[BlackElo "1635"]
[PlyCount "83"]
[EventDate "2014.01.16"]
[EventType "swiss"]
[EventRounds "9"]
[EventCountry "ESP"]
[SourceTitle "EXT 2015"]
[Source "ChessBase"]
[SourceDate "2014.11.20"]
[SourceVersion "1"]
[SourceVersionDate "2014.11.20"]
[SourceQuality "1"]

1. e4 c5 2. c3 d5 3. exd5 Qxd5 4. d4 e6 5. Nf3 Nf6 6. Be2 Nc6 7. 0-0 Be7 8. Be3 cxd4 9. cxd4 0-0 10. Nc3 Qd8 11. a3 a6 12. Rc1 b5 13. Nxb5 Bb7 14. Nc3 Rc8 15. Na4 Na7 16. Nc5 Qb6 17. Ne5 Rfd8 18. Qa4 Nb5 19. Nxb7 Qxb7 20. Bf3 Nd5 21. Nd3 Qa7 22. Bxd5 exd5 23. Nc5 Bxc5 24. dxc5 d4 25. Bg5 Rd5 26. Bd2 Rdxc5 27. Rxc5 Rxc5 28. Re1 Rc8 29. Bb4 Qb7 30. h3 h6 31. Qb3 Qd7 32. Re7 Qf5 33. a4 Rc1+ 34. Kh2 Qf4+ 35. Qg3 Qxg3+ 36. Kxg3 Nc7 37. Rd7 Ne6 38. Kf3 Rc4 39. Ba3 Rxa4 40. Rd6 Kh7 41. Ke2 a5 42. Rd5 0-1

[Event "Llinars del Valles op 5th"]
[Site "Llinars del Valles"]
[Date "2013.11.22"]
[Round "7"]
[White "Ferres Saez, Joan"]
[Black "Argemi Camp, Jaume"]
[Result "1-0"]
[WhiteElo "1987"]
[BlackElo "1890"]
[PlyCount "147"]
[EventDate "2013.10.04"]
[EventType "swiss"]
[EventRounds "8"]
[EventCountry "ESP"]
[SourceTitle "CBM 157 Extra"]
[Source "ChessBase"]
[SourceDate "2013.12.19"]
[SourceVersion "1"]
[SourceVersionDate "2013.12.19"]
[SourceQuality "1"]

1. e4 e6 2. d4 g6 3. Nf3 d6 4. Bd3 Bg7 5. Bg5 Qd7 6. 0-0 e5 7. dxe5 dxe5 8. Nc3 c6 9. Qe2 Qc7 10. Bc4 Nf6 11. Rad1 0-0 12. a4 a5 13. Be3 Nbd7 14. Nd2 Nb6 15. Bb3 Nbd7 16. Nc4 Nh5 17. Nd6 Nb6 18. Bc5 Nf4 19. Qe3 Nd7 20. Ba3 b6 21. Qf3 Nf6 22. h3 Be6 23. Bxe6 Nxe6 24. Ne2 Rad8 25. Qe3 Rd7 26. Nc4 Rb8 27. Bd6 Rxd6 28. Nxd6 Nd4 29. Nxd4 exd4 30. Qxd4 Ng4 31. Qc4 Ne5 32. Qe2 Qe7 33. Nc4 Nd7 34. c3 Nc5 35. Qc2 Qe6 36. Nd2 Bh6 37. Nf3 Qc4 38. Rd4 Qe6 39. Rfd1 Bg7 40. Rd8+ Rxd8 41. Rxd8+ Bf8 42. Nd4 Qf6 43. Rc8 Nd7 44. Nxc6 Kg7 45. Nd4 Bc5 46. Rc6 Qf4 47. Nb3 Bd6 48. g3 Qf3 49. Rxd6 Ne5 50. Nd4 Qh5 51. Kg2 Nc4 52. Rd5 Qh6 53. Nf3 Kg8 54. b3 Ne3+ 55. fxe3 Qxe3 56. Qd2 Qxe4 57. Rd8+ Kg7 58. Qd4+ Qxd4 59. Nxd4 Kf6 60. Rd6+ Ke5 61. Rxb6 Ke4 62. Kf2 Kd3 63. Rc6 h5 64. Rf6 Kxc3 65. Nc6 Kxb3 66. Nxa5+ Kxa4 67. Nc4 Kb4 68. Ne3 Kc5 69. Rxf7 Kd4 70. Kf3 g5 71. Rf5 Kd3 72. Rxg5 Kd2 73. Rxh5 Ke1 74. Ra5 1-0

[Event "Llinars del Valles op 5th"]
[Site "Llinars del Valles"]
[Date "2013.10.04"]
[Round "1"]
[White "Ferres Saez, Joan"]
[Black "Plantada Martorell, Josep"]
[Result "1-0"]
[WhiteElo "1987"]
[BlackElo "1700"]
[PlyCount "61"]
[EventDate "2013.10.04"]
[EventType "swiss"]
[EventRounds "8"]
[EventCountry "ESP"]
[SourceTitle "CBM 157 Extra"]
[Source "ChessBase"]
[SourceDate "2013.12.19"]
[SourceVersion "1"]
[SourceVersionDate "2013.12.19"]
[SourceQuality "1"]

1. f4 g6 2. e4 Bg7 3. d4 d6 4. Nf3 Bg4 5. Be3 f5 6. e5 dxe5 7. fxe5 Qd5 8. Nc3 Qa5 9. Bc4 c6 10. 0-0 b5 11. Bb3 b4 12. Na4 Nd7 13. Qd2 Rb8 14. Ng5 Nf8 15. Nf7 Nd7 16. Nc5 Nxc5 17. dxc5 Rd8 18. Qf2 Bxe5 19. Nxe5 h5 20. Nxc6 Qc7 21. Nxd8 Qxd8 22. Bd4 Nf6 23. Bxf6 exf6 24. Rfe1+ Kf8 25. c6 Kg7 26. Qxa7+ Kh6 27. Re7 Kg5 28. Qe3+ f4 29. Qc5+ f5 30. c7 Qc8 31. Be6 1-0

[Event "Barcelona Sant Marti op-B 15th"]
[Site "Barcelona"]
[Date "2013.07.14"]
[Round "2"]
[White "Liarte Genoves, Sergi"]
[Black "Ferres Saez, Joan"]
[Result "0-1"]
[WhiteElo "1880"]
[BlackElo "1752"]
[PlyCount "82"]
[EventDate "2013.07.13"]
[EventType "swiss"]
[EventRounds "9"]
[EventCountry "ESP"]
[SourceTitle "CBM 155 Extra"]
[Source "ChessBase"]
[SourceDate "2013.08.26"]
[SourceVersion "1"]
[SourceVersionDate "2013.08.26"]
[SourceQuality "1"]

1. Nc3 g6 2. d4 d5 3. e4 dxe4 4. Nxe4 Bg7 5. Be3 Nf6 6. Nxf6+ Bxf6 7. Qd2 c5 8. Bb5+ Bd7 9. Bxd7+ Qxd7 10. dxc5 Qb5 11. Rd1 0-0 12. Bh6 Re8 13. Ne2 Qxb2 14. 0-0 Qxa2 15. Nc3 Qc4 16. Nd5 Qxc5 17. Nxf6+ exf6 18. Qd8 Qe5 19. Qd3 Nc6 20. Qb3 b6 21. Rd3 Nd4 22. Qc4 Nf5 23. Bd2 Rac8 24. Qa2 a5 25. h3 Qe6 26. Qb2 Red8 27. Re1 Qc6 28. Rxd8+ Rxd8 29. Bc3 Kg7 30. f3 Rc8 31. g4 Nh4 32. Re3 Nxf3+ 33. Kf2 Nh4 34. Rg3 Qc5+ 35. Kf1 Qc4+ 36. Kg1 Qf4 37. Rd3 Nf3+ 38. Kg2 Nh4+ 39. Kg1 Re8 40. Qxb6 Re2 41. Qc6 Qf2+ 0-1

[Event "Llinars del Valles op-B 7th"]
[Site "Llinars del Valles"]
[Date "2013.05.18"]
[Round "5"]
[White "Ayats Llobera, Gerard"]
[Black "Ferres Saez, Joan"]
[Result "1-0"]
[WhiteElo "1652"]
[BlackElo "1819"]
[PlyCount "111"]
[EventDate "2013.04.13"]
[EventType "swiss"]
[EventRounds "7"]
[EventCountry "ESP"]
[SourceTitle "CBM 154 Extra"]
[Source "ChessBase"]
[SourceDate "2013.06.25"]
[SourceVersion "2"]
[SourceVersionDate "2013.06.25"]
[SourceQuality "1"]

1. e4 g6 2. d4 Bg7 3. Nc3 a6 4. a4 d6 5. Be3 Nf6 6. Be2 0-0 7. f4 c6 8. Bf3 e5 9. dxe5 dxe5 10. fxe5 Nfd7 11. Bf4 Qb6 12. Rb1 Nxe5 13. Qc1 Re8 14. Qe3 Qb4 15. Bxe5 Rxe5 16. Nge2 Bf8 17. Qd4 Qa5 18. b4 Qc7 19. 0-0 a5 20. Nf4 axb4 21. Nd3 Rea5 22. Ne2 c5 23. Qf6 Bg7 24. Qh4 Nc6 25. Kh1 Ne5 26. Ndf4 Rxa4 27. Nd5 Qd6 28. Rbd1 Kh8 29. Ndc3 Bf6 30. Rxd6 Bxh4 31. Nxa4 Rxa4 32. Rd5 Nxf3 33. Rxc5 Bd7 34. gxf3 Kg7 35. Nf4 Bc6 36. Nd5 Bd8 37. Rb1 h5 38. Rc4 Ba5 39. Nxb4 b5 40. Rxc6 Rxb4 41. Rxb4 Bxb4 42. Rb6 Be7 43. Rxb5 Kf6 44. Kg2 Ke6 45. f4 Kd6 46. Kf3 Kc6 47. c4 Bc5 48. e5 Bb6 49. Ke4 Bc5 50. h3 Bb6 51. Rd5 Bc7 52. f5 g5 53. e6 fxe6 54. fxe6 Bd6 55. Rxg5 Be7 56. Rxh5 1-0

[Event "Llinars del Valles op-B 7th"]
[Site "Llinars del Valles"]
[Date "2013.05.04"]
[Round "4"]
[White "Ferres Saez, Joan"]
[Black "Capallera Guirado, Ferran"]
[Result "1-0"]
[WhiteElo "1819"]
[BlackElo "1578"]
[PlyCount "59"]
[EventDate "2013.04.13"]
[EventType "swiss"]
[EventRounds "7"]
[EventCountry "ESP"]
[SourceTitle "CBM 154 Extra"]
[Source "ChessBase"]
[SourceDate "2013.06.25"]
[SourceVersion "2"]
[SourceVersionDate "2013.06.25"]
[SourceQuality "1"]

1. Nf3 d5 2. d4 e6 3. c4 Be7 4. Nc3 Nf6 5. e3 0-0 6. Bd3 b6 7. 0-0 Bb7 8. b3 Nbd7 9. Bb2 c5 10. Rc1 Rc8 11. Re1 Re8 12. Ne5 Nxe5 13. dxe5 Nd7 14. Nb5 a6 15. Nd6 Bxd6 16. exd6 dxc4 17. bxc4 Qg5 18. Bf1 Red8 19. f4 Qg6 20. e4 Bxe4 21. Re3 Qf5 22. Rg3 Nf6 23. Be5 h6 24. Be2 Kf8 25. Qb3 Rb8 26. Qe3 Rd7 27. Rd1 Bc2 28. Rd2 Qe4 29. Qc3 Nh5 30. Re3 1-0